Noem de grootste en bekendste steden en plaatsen in Zuid Holland - Statistieken

Algemene statistieken
  • Deze quiz is 32 keer genomen
  • De gemiddelde score is 19 van 45
Antwoordstatistieken
Antwoord % Correct
Leiden
100%
Rotterdam
100%
Delft
91%
Den Haag
91%
Gouda
83%
Zoetermeer
83%
Dordrecht
74%
Gorinchem
65%
Spijkenisse
61%
Alphen aan de Rijn
57%
Katwijk
57%
Barendrecht
52%
Hoek van Holland
52%
Noordwijk
52%
Brielle
48%
Hellevoetsluis
48%
Maassluis
48%
Wassenaar
48%
Bodegraven
43%
Lisse
43%
Naaldwijk
43%
Papendrecht
43%
Rijswijk
43%
Sliedrecht
43%
Zwijndrecht
43%
Monster
39%
Ridderkerk
35%
Oud Beijerland
30%
Pijnacker
30%
Waddinxveen
30%
Hillegom
26%
Middelharnis
26%
Ouddorp
26%
Schoonhoven
26%
Berkel en Rodenrijs
22%
Voorschoten
22%
Krimpen aan den IJssel
17%
Stellendam
17%
Strijen
17%
Numansdorp
13%
Oude Tonge
13%
's Gravendeel
13%
Nieuwerkerk aan den IJssel
9%
Nieuwkoop
9%
Reewijk
9%
Geen overeenkomende quizzen gevonden
Scoreverdeling
Procent van Mensen met Elke Score
Percentiel versus Aantal Correcte Antwoorden
Uw Scoregeschiedenis
U heeft deze quiz nog niet genomen